000 005500000a22002050004500
041 0 _aENG
082 0 4 _aG 230 W9471g
100 1 _aWright, George Ernest
245 1 0 _aGod who acts : Biblical theology as recital / G. Ernest Wright
250 _a8
260 _aGreat Britain : SCMq
300 _a132 Pag
440 0 _aColección Studies in Biblical Theology
650 1 4 _aTEOLOGIA DOGMATICA
001 3372
942 _cBK
999 _c34048
_d34048
336 _atexto
_btxt
_2rdacontent
337 _2rdamedia
_asin mediación
_bn
338 _2rdacarrier
_avolumen
_bnc